Samochody które wróciły do produkcji - Statystyki

Ogólne statystyki
  • Ten quiz został rozwiązany 10 razy
  • Średni wynik to 3 z 12
Statystyki odpowiedzi
Przerwa w produkcji Odpowiedź % Poprawnych
1983-2008 Dodge Challenger
43%
1974-2017 Alpine a110
29%
2002-2008 Chevrolet Camaro
29%
1975-2007 Fiat 500
29%
2005-2015 Honda/Acura NSX
29%
2002-2008 Nissan Skyline GT-R/GT-R
29%
2002-2019 Toyota Supra/GR Supra
29%
1992-2008 Volkswagen Scirocco
29%
1999-2018 BMW 8
14%
1990-2021 Jeep Wagoneer
14%
1978-2016 Alfa Romeo Giulia
0%
1971-2018 Jeep Gladiator
0%
Nie znaleziono quizów pasujących do podanych kryteriów
Rozkład punktacji
Procent ludzi z każdym wynikiem
Percentyl według liczby udzielonych odpowiedzi
Twoja historia wyników
Nie rozwiązałeś tego quizu